000 00561nam a2200205 i 4500
001 45274
003 ES-MaACL
005 20230906161206.0
007 t|
008 030325s1951 sp ||||1| spa d
100 1 _aCoca Medina, G.
_939380
245 1 4 _aLos halcones de Aracena
_b: novela /
_cG. Coca Medina.
250 _a[1ยช ed.].
260 _aBarcelona :
_bJuventud,
_c[1951] (
_fAtenas)
300 _a286 p. ;
_c17 cm.
490 1 _aObras maestras
830 0 _aObras maestras
_9181001
852 _aES-MaACL
_jD-8310
_bR.31886
999 _c45274
_d45274